00353nam a2200121Ia 4500008004100000082002000041100002300061245002600084260003000110300000900140630001800149650006400167211109s9999||||xx |||||||||||||| ||und|| a894.8121bKUN-K aKunjiraman Nair, P 0aKaviyute Kaalpaadukal bD c BooksaKottayamc1997 a416p xGeneral stack aLiteraturevmalayalam literaturexMalayalam PoetryMalayalam